00338nam a2200121Ia 4500008004100000020001500041041001200056100001900068245007200087260003900159300000800198650001000206221030s9999 xx 000 0 und d a0199460914 aEnglish aN. Subramanian 0aDesign of Steel Structures - Limit States Methodcby N. Subramanian bOxford Univ PressaNew Delhic2018 a883 aCivil